[Event "GCT Zagreb 2019"]
[Site "Zagreb"]
[Date "2019.07.05"]
[Round "9.3"]
[White "Caruana, Fabiano"]
[Black "Ding, Liren"]
[Result "1/2-1/2"]
[WhiteElo "2819"]
[BlackElo "2805"]
[Annotator "TA"]
[PlyCount "115"]
[EventDate "2019.06.26"]
[EventType "tourn"]
[EventCountry "CRO"]
[SourceTitle "playchess.com"]
[Source "ChessBase"]
[SourceQuality "1"]

{[%evp 20,115,23,0,30,16,29,-20,-22,-18,-21,-25,-29,-28,-28,-56,-55,-86,-57,-43,-41,-50,-37,-42,-31,-23,-23,-27,-24,-50,-9,-36,-21,-42,-23,-66,47,-31,52,54,37,0,-7,-31,-20,-63,-25,-21,-8,-121,-34,-42,0,-12,-12,-12,-12,-12,-12,-12,-12,-12,0,0,0,0,0,0,0,0,0,0,0,-39,-42,-43,-43,-45,0,0,0,0,0,0,0,0,0,0,0,0,0,0,0,0,0,0,0,0]} 1. e4 e5 2. Nf3 Nc6 3. Bb5 a6 4. Ba4 Nf6 5. O-O Be7 6. Re1 b5 7. Bb3 O-O 8. a4 b4 9. a5 d6 10. c3 Rb8 11. Bc4 Bg4 {C90: Closed Ruy Lopez with 7...d6: Early deviations} (11... Nxe4 12. Bd5 Nxf2 13. Kxf2 Nxa5 14. cxb4 Rxb4 15. d4 c6 16. Ba2 exd4 17. Kg1 d5 18. Na3 Bf6 19. Nc2 {1-0 (48) Dominguez Perez,L (2750)-Nozdrachev,V (2489) Sochi 2019}) 12. h3 Bh5 13. Qa4 $146 ({Predecessor:} 13. g4 Bg6 14. d3 d5 {½-½ (14) Sion Castro,M (2375)-Gomez,M (2425) Elgoibar 1995}) 13... Na7 14. g4 Bg6 15. d3 Nb5 16. Bg5 h5 17. Bxf6 Bxf6 18. Kg2 bxc3 19. Nxc3 {[%cal Rc4b5]} c6 20. Bxb5 $1 axb5 21. Qd1 b4 22. Ne2 hxg4 23. hxg4 Qd7 24. Kh3 Rb5 25. Ng3 Ra8 26. Qb3 Bd8 27. a6 Bb6 ({Black should play} 27... Rb6 $15) 28. Rf1 (28. Kg2 $14) 28... Kf8 (28... Qe6 $15 29. Qxe6 fxe6) 29. Nh4 Bh7 30. Qc2 Bd8 31. Nhf5 Bg5 $36 {[%mdl 2048] White is under pressure.} 32. Ra4 f6 33. Ne2 Rb6 34. a7 (34. d4 $11 {remains equal.}) 34... Rb7 ({But not} 34... Rxa7 $6 35. Rxa7 Qxa7 36. Nxd6 $11) ({Black should try} 34... c5 $17 35. Raa1 Rb7) 35. Ra6 $1 $15 Bxf5 36. gxf5 c5 37. Rfa1 {next Qa4 is good for White.} Rbxa7 38. Qc4 Rxa6 39. Rxa6 Rxa6 40. Qxa6 g6 41. Kg2 gxf5 {[#] aiming for ...f4.} 42. Ng3 fxe4 43. dxe4 d5 {Threatens to win with ...Kg7.} 44. Qb6 dxe4 {Hoping for ...Qd5.} 45. Qxc5+ Kg7 46. Qxb4 e3 47. fxe3 Bxe3 48. Qe4 Bf4 {...Qg4 is the strong threat.} 49. Nh5+ {The position is equal.} Kh6 50. Nxf4 {[%csl Gf4][%cal Re4g6]} Qg4+ {[%mdl 64] [#] Double Attack, Pin} 51. Kf2 exf4 $11 {[%mdl 4096] Endgame KQ-KQ} 52. Qh1+ Kg5 {Strongly threatening ...Qg3+.} 53. Qd5+ f5 54. Qg8+ Kf6 55. Qf8+ Ke6 56. Qe8+ Kf6 57. Qf8+ $1 Ke6 58. Qe8+ {Accuracy: White = 59%, Black = 37%.} 1/2-1/2

[Event "GCT Zagreb 2019"]
[Site "Zagreb"]
[Date "2019.07.05"]
[Round "9.4"]
[White "Karjakin, Sergey"]
[Black "Giri, Anish"]
[Result "1/2-1/2"]
[WhiteElo "2748"]
[BlackElo "2779"]
[Annotator "TA"]
[PlyCount "65"]
[EventDate "2019.06.26"]
[EventType "tourn"]
[EventCountry "CRO"]
[SourceTitle "playchess.com"]
[Source "ChessBase"]
[SourceQuality "1"]

{[%evp 13,65,15,10,0,0,0,0,0,0,0,0,0,0,0,0,0,0,0,0,0,12,0,0,0,0,0,0,0,6,0,0,0,0,0,11,9,9,9,10,8,20,16,20,0,0,0,0,0,0,0,0,0,0,0]} 1. d4 Nf6 2. c4 e6 3. Nf3 d5 4. Nc3 Be7 5. Bf4 O-O 6. e3 Nbd7 7. Qc2 c5 {The position is equal.} 8. Rd1 {D37: Queen's Gambit Declined: 5 Bf4} cxd4 9. Rxd4 {[%cal Rc4d5]} Qa5 10. Bg3 Nb6 11. Nd2 {[#] Strongly threatening Nb3.} dxc4 12. Bxc4 Nbd5 (12... Nxc4 13. Nxc4 Qa6 14. O-O Rd8 15. Rxd8+ Bxd8 {½-½ (40) Mamedyarov,S (2814)-Giri,A (2777) Shamkir 2018}) 13. Nb3 Qb6 {[#]} 14. Bxd5 $146 ({Predecessor:} 14. O-O Bd7 15. Bxd5 Nxd5 16. Nxd5 exd5 {½-½ (52) Melkumyan,H (2650)-Kravtsiv,M (2631) Riga 2016}) 14... Nxd5 15. Nxd5 exd5 16. O-O Be6 17. Qb1 Rac8 18. Rd2 Bf6 19. Nd4 Bxd4 20. Rxd4 Rc4 21. Rfd1 (21. Be5 {seems wilder.} Qc6 22. Rxc4 dxc4 23. Rd1 b5 24. a3) 21... Rxd4 22. Rxd4 Rc8 23. h3 Rc4 24. Be5 Rxd4 25. Bxd4 Qc7 26. Qd1 a6 27. Qh5 h6 28. f4 Kh7 29. f5 {[#] aiming for Qg4.} Qc1+ 30. Kh2 Qc7+ 31. Kg1 {Black must now prevent Qg4.} Qc1+ 32. Kh2 Qc7+ 33. Kg1 {Accuracy: White = 76%, Black = 85%.} 1/2-1/2

[Event "GCT Zagreb 2019"]
[Site "Zagreb"]
[Date "2019.07.05"]
[Round "9.5"]
[White "Mamedyarov, Shakhriyar"]
[Black "Anand, Viswanathan"]
[Result "1-0"]
[WhiteElo "2774"]
[BlackElo "2767"]
[Annotator "ChessBase"]
[PlyCount "89"]
[EventDate "2019.06.26"]
[EventType "tourn"]
[EventCountry "CRO"]
[SourceTitle "playchess.com"]
[Source "ChessBase"]
[SourceQuality "1"]
[TimeMode "Bronstein"]
[TimeControl "7200+30"]

1. d4 {[%emt 0:00:00]} Nf6 {[%emt 0:00:00]} 2. c4 {[%emt 0:00:00]} e6 {[%emt 0:00:00]} 3. Nf3 {[%emt 0:00:00]} d5 {[%emt 0:00:00]} 4. Nc3 {[%emt 0:00:00]} dxc4 {[%emt 0:00:00]} 5. e4 {[%emt 0:00:00]} Bb4 {[%emt 0:00:00]} 6. Bxc4 {[%emt 0:00:00]} Nxe4 {[%emt 0:00:00]} 7. O-O {[%emt 0:00:00]} Nf6 {[%emt 0:00:00]} 8. Qa4+ {[%emt 0:00:00]} Nc6 {[%emt 0:00:00]} 9. Bg5 {[%emt 0:00:00]} Bxc3 {[%emt 0:00:00]} 10. bxc3 {[%emt 0:00:00]} O-O {[%emt 0:00:00]} 11. Rfe1 {[%emt 0:00:00]} Ne7 {[%emt 0:00:00]} 12. Bd3 {[%emt 0:00:00]} Nf5 {[%emt 0:00:00]} 13. Rad1 {[%emt 0:03:37]} h6 {[%emt 0:02:14]} 14. Bc1 {[%emt 0:01:53]} b6 {[%emt 0:12:57]} 15. c4 {[%emt 0:02:38]} Re8 {[%emt 0:08:48]} 16. Bb2 {[%emt 0:14:57]} Bb7 {[%emt 0:07:27]} 17. Ne5 {[%emt 0:01:50]} Ne7 {[%emt 0:07:21]} 18. Bb1 {[%emt 0:08:25]} c5 {[%emt 0:13:34]} 19. Qc2 {[%emt 0:04:28]} Qc7 {[%emt 0:11:08]} 20. dxc5 {[%emt 0:20:26]} Rad8 {[%emt 0:13:20]} 21. cxb6 {[%emt 0:19:13]} axb6 {[%emt 0:03:05]} 22. Ng4 {[%emt 0:00:32]} Ne4 {[%emt 0:00:53]} 23. f3 {[%emt 0:10:02]} Qc5+ {[%emt 0:10:41]} 24. Kh1 {[%emt 0:00:30]} h5 {[%emt 0:01:35]} 25. Nh6+ {[%emt 0:00:39]} gxh6 {[%emt 0:00:30]} 26. fxe4 {[%emt 0:00:30]} e5 {[%emt 0:00:30]} 27. Rd5 {[%emt 0:04:24]} Bxd5 {[%emt 0:01:59]} 28. exd5 {[%emt 0:00:30]} Ng6 {[%emt 0:00:40]} 29. Rf1 {[%emt 0:01:33]} Re7 {[%emt 0:05:59]} 30. Qc1 {[%emt 0:04:24]} Ra7 {[%emt 0:07:30]} 31. h3 {[%emt 0:04:05]} Rd6 {[%emt 0:04:38]} 32. Qxh6 {[%emt 0:02:23]} Re7 {[%emt 0:03:01]} 33. Qc1 {[%emt 0:05:06]} b5 {[%emt 0:01:03]} 34. Ba3 {[%emt 0:01:10]} b4 {[%emt 0:00:30]} 35. Bb2 {[%emt 0:00:30]} Ra6 {[%emt 0:02:27]} 36. Rf5 {[%emt 0:06:10]} f6 {[%emt 0:03:04]} 37. Qh6 {[%emt 0:02:38]} Nf4 {[%emt 0:04:17]} 38. Bxe5 {[%emt 0:04:49]} Rxe5 {[%emt 0:00:30]} 39. Rxe5 {[%emt 0:01:33]} fxe5 {[%emt 0:00:38]} 40. Qxa6 {[%emt 0:00:30]} Qf2 {[%emt 0:00:44]} 41. Qc8+ {[%emt 0:00:30]} Kf7 {[%emt 0:00:30]} 42. Qf5+ {[%emt 0:00:30]} Kg8 {[%emt 0:00:43]} 43. Qg5+ {[%emt 0:01:31]} Kf8 {[%emt 0:00:31]} 44. Kh2 {[%emt 0:00:45]} h4 {[%emt 0:01:07]} 45. Bf5 {[%emt 0:01:04]} 1-0

[Event "GCT Zagreb 2019"]
[Site "Zagreb"]
[Date "2019.07.05"]
[Round "9.6"]
[White "Nakamura, Hikaru"]
[Black "Vachier-Lagrave, Maxime"]
[Result "1/2-1/2"]
[WhiteElo "2754"]
[BlackElo "2779"]
[Annotator "TA"]
[PlyCount "85"]
[EventDate "2019.06.26"]
[EventType "tourn"]
[EventCountry "CRO"]
[SourceTitle "playchess.com"]
[Source "ChessBase"]
[SourceQuality "1"]

{[%evp 9,85,0,0,6,17,20,25,10,22,18,20,9,16,0,0,0,0,0,0,0,0,0,0,0,0,0,0,0,15,15,22,20,22,21,30,22,13,10,14,6,2,6,23,24,26,13,15,5,4,4,4,0,0,0,0,4,3,0,0,0,0,0,0,0,0,0,0,0,0,0,0,0,0,0,0,0,0,0]} 1. e4 c5 2. Nf3 d6 3. Bb5+ Nd7 4. Ba4 (4. O-O a6 5. Bd3 Ngf6 6. Re1 e6 7. a4 b6 8. c3 Bb7 9. Qe2 Qc7 10. Na3 Be7 11. Bb1 e5 12. d4 cxd4 13. cxd4 exd4 14. Nxd4 {½-½ (42) Jakovenko,D (2719)-Ding,L (2809) Shenzhen 2019}) 4... Ngf6 5. O-O a6 6. c4 {B51: Sicilian: Moscow Variation (3 Bb5+) without 3...Bd7} g6 7. Nc3 Bg7 8. d3 {White has an edge.} O-O 9. h3 Ne8 10. d4 $146 ({Predecessor:} 10. Be3 Nc7 11. d4 Ne6 {1-0 (38) Liang,A (2589)-Garriga Cazorla,P (2448) Sitges 2018}) 10... Nc7 11. Bxd7 cxd4 12. Bxc8 dxc3 13. Bxb7 Rb8 14. bxc3 {[#] And now Rb1 would win.} Rxb7 15. Be3 Bxc3 16. Rc1 Bb2 17. Rb1 {Strongly threatening Bh6.} Ne6 18. e5 Qc7 19. exd6 exd6 20. Qd5 Rbb8 21. Rfd1 Bf6 22. Rbc1 Rfd8 23. Nd2 Nc5 24. Ne4 Nxe4 25. Qxe4 Rb2 26. Qf3 Be5 27. Qd5 Re8 {The position is equal.} 28. c5 dxc5 29. Rxc5 Qb8 30. Qc4 Rb1 31. Rcd5 Rxd1+ 32. Rxd1 Rd8 33. Rxd8+ Qxd8 34. f4 Qc7 35. Qxa6 Bxf4 36. Bxf4 Qxf4 $11 {[%mdl 4096] Endgame KQ-KQ} 37. a4 Qd4+ 38. Kh1 Qa1+ 39. Kh2 Qe5+ 40. Kh1 Qe1+ 41. Kh2 Qe5+ 42. Kh1 Qe1+ 43. Kh2 {Accuracy: White = 72%, Black = 76%.} 1/2-1/2

[Event "GCT Zagreb 2019"]
[Site "Zagreb"]
[Date "2019.07.06"]
[Round "10.1"]
[White "So, Wesley"]
[Black "Carlsen, Magnus"]
[Result "1/2-1/2"]
[WhiteElo "2754"]
[BlackElo "2875"]
[Annotator "TA"]
[PlyCount "71"]
[EventDate "2019.06.26"]
[EventType "tourn"]
[EventCountry "CRO"]
[SourceTitle "playchess.com"]
[Source "ChessBase"]
[SourceQuality "1"]

{[%evp 18,71,17,6,6,0,0,10,10,11,11,12,17,16,14,20,25,17,18,19,23,25,17,19,17,12,20,21,46,47,44,44,45,45,45,43,43,35,51,38,37,0,0,0,0,0,0,0,0,0,0,0,0,0,0,0]} 1. d4 Nf6 2. c4 e6 3. Nc3 Bb4 4. Qc2 d5 5. cxd5 Qxd5 6. e3 c5 7. Bd2 Bxc3 8. Bxc3 cxd4 9. Bxd4 Nc6 10. Bc3 O-O {E34: Nimzo-Indian: Classical: 4...d5} 11. Nf3 Rd8 12. Be2 Qe4 13. Rc1 Qxc2 14. Rxc2 {[#]} Bd7 $146 ({Predecessor:} 14... Nd5 15. Ne5 Bd7 16. Nxc6 Bxc6 17. Bd2 Ne7 18. f3 {½-½ (38) Mamedyarov,S (2804)-Carlsen,M (2834) Wijk aan Zee 2018}) 15. Ne5 Nxe5 16. Bxe5 Rac8 17. Rxc8 Rxc8 18. O-O Nd5 19. Rd1 f6 20. Bd4 $1 Ba4 21. b3 Be8 22. Bc4 b5 23. Bxd5 exd5 24. Bxa7 $14 {[%mdl 4096] Endgame KRB-KRB} Ra8 25. Bc5 Rxa2 26. h4 Bf7 27. e4 Ra8 28. exd5 Rd8 29. b4 (29. d6 {with more complications.} Bxb3 30. Re1 Rd7 31. f4 Kf7 32. Kf2) 29... Rxd5 {The position is equal.} 30. Rxd5 (30. Ra1 {seems wilder.} h5 31. Ra5 Rd1+ 32. Kh2 Bc4 33. Ra7) 30... Bxd5 $11 {KB-KB} 31. f3 h5 32. Bd4 Bc6 33. Bc3 Bd5 34. Bd4 Bc6 35. Bc3 Bd5 36. Bd4 {Accuracy: White = 88%, Black = 92%.} 1/2-1/2

[Event "GCT Zagreb 2019"]
[Site "Zagreb"]
[Date "2019.07.06"]
[Round "10.2"]
[White "Caruana, Fabiano"]
[Black "Mamedyarov, Shakhriyar"]
[Result "1/2-1/2"]
[WhiteElo "2819"]
[BlackElo "2774"]
[Annotator "TA"]
[PlyCount "104"]
[EventDate "2019.06.26"]
[EventType "tourn"]
[EventCountry "CRO"]
[SourceTitle "playchess.com"]
[Source "ChessBase"]
[SourceQuality "1"]

{[%evp 11,104,16,31,23,8,13,12,9,21,8,25,0,18,0,16,14,49,22,27,23,23,15,33,32,46,46,39,32,47,38,48,35,44,35,66,41,41,31,31,20,39,31,29,18,64,14,17,15,16,20,8,8,14,-29,-29,-52,0,0,0,0,37,0,0,0,0,0,0,-45,-30,-19,-8,-8,0,0,0,0,0,0,0,0,0,0,0,0,0,0,0,0,0,0,0,0,0,0,0]} 1. e4 d5 2. exd5 Qxd5 3. Nc3 Qa5 4. d4 Nf6 5. Nf3 Bf5 6. Bc4 e6 7. Bd2 {[#] Strongly threatening Nd5. B01: Scandinavian Defence} Bb4 8. a3 Bxc3 $1 9. Bxc3 Qb6 10. O-O (10. b3 Nbd7 11. O-O O-O 12. h3 Be4 13. Re1 Qc6 14. Ne5 Nxe5 15. dxe5 {½-½ (71) Nepomniachtchi,I (2763)-Kovalenko,I (2657) St Petersburg 2018}) 10... O-O 11. b3 Rd8 $146 ({Predecessor:} 11... Nc6 12. Ne5 Rad8 13. Nxc6 Qxc6 14. Bb2 e5 {1-0 (45) Kopinits,A (2298)-Kreisl,R (2431) Austria 2018}) 12. Re1 Nbd7 13. Bb2 c6 14. Qc1 h6 15. h3 Rac8 16. Bf1 Bh7 17. Nd2 Qc7 18. c4 b5 19. cxb5 cxb5 20. Qxc7 Rxc7 21. Rac1 Rb7 22. Bc3 Nf8 23. Bb4 g5 24. Rc5 a6 25. Rec1 Kg7 26. Rc6 Ra7 27. Ba5 Rdd7 28. a4 Ng6 29. axb5 axb5 30. b4 Nf4 31. Nb3 Bd3 32. Rd1 Bxf1 33. Kxf1 e5 ({Better is} 33... Rd5 $15) 34. Rc5 $11 exd4 35. Rxb5 Ne6 36. Re5 Kg6 37. g3 Nd5 38. Rd2 ({But not} 38. Nxd4 Nf6 $17) 38... Rab7 39. Nc5 Nxc5 40. bxc5 {[#] aiming for c6.} Rb1+ {The position is equal.} 41. Re1 $132 {[%mdl 2048] White is not keeping still} Rb5 42. c6 Ra7 43. Bd8 {And now Rc1 would win.} Rb8 44. c7 Nxc7 45. Bxc7 Rxc7 46. Rxd4 {[%mdl 4096] Endgame KRR-KRR} Rcb7 47. Rd2 Rb1 48. Rxb1 Rxb1+ 49. Kg2 Rb6 50. Kf1 Rb1+ 51. Kg2 Rb6 52. Kf1 Rb1+ {Accuracy: White = 60%, Black = 49%.} 1/2-1/2

[Event "GCT Zagreb 2019"]
[Site "Zagreb"]
[Date "2019.07.06"]
[Round "10.3"]
[White "Ding, Liren"]
[Black "Aronian, Levon"]
[Result "1/2-1/2"]
[WhiteElo "2805"]
[BlackElo "2752"]
[Annotator "TA"]
[PlyCount "75"]
[EventDate "2019.06.26"]
[EventType "tourn"]
[EventCountry "CRO"]
[SourceTitle "playchess.com"]
[Source "ChessBase"]
[SourceQuality "1"]

{[%evp 18,75,22,20,22,0,4,0,5,0,0,0,0,0,9,0,0,0,6,0,4,0,7,0,20,0,0,0,0,0,0,0,0,0,0,0,0,0,0,0,0,0,6,4,12,0,0,0,0,0,0,0,0,0,0,0,0,0,0,0]} 1. Nf3 d5 2. g3 Nf6 3. Bg2 e6 4. O-O Be7 5. c4 O-O 6. b3 c5 7. cxd5 Nxd5 8. Bb2 Nc6 9. Nc3 Bf6 10. Qc2 {The position is equal.} Ndb4 {A14: English Opening: 1...e6 with b3 by White} 11. Qc1 b6 12. a3 Nd5 13. b4 $146 ({Predecessor:} 13. Nxd5 exd5 14. d4 Ba6 15. Re1 Nxd4 16. Nxd4 cxd4 {½-½ (26) Telljohann,S (2415)-Dautov,R (2600) Germany 1998}) 13... Nxc3 14. Bxc3 Ba6 15. d3 Rc8 16. bxc5 Bxc3 17. Qxc3 Na5 18. Rac1 Rxc5 19. Qb2 Rb5 20. Qa2 Bb7 21. Rc3 Bd5 22. Qc2 Rb3 23. Rxb3 Bxb3 24. Qc3 Bd5 25. Rc1 Nb3 26. Rc2 {[#] e4 is the strong threat.} Bxf3 27. Qxb3 Bxg2 28. Kxg2 $11 {[%mdl 4096] Endgame KQR-KQR} Qa8+ 29. e4 Qd8 30. Rc6 h5 31. h4 Qd7 32. Qc4 Rd8 33. Rc7 Qxd3 34. Qxd3 Rxd3 35. Rxa7 b5 36. Ra5 g6 37. Rxb5 Rxa3 38. e5 {Accuracy: White = 58%, Black = 92%.} 1/2-1/2

[Event "GCT Zagreb 2019"]
[Site "Zagreb"]
[Date "2019.07.06"]
[Round "10.4"]
[White "Vachier-Lagrave, Maxime"]
[Black "Nepomniachtchi, Ian"]
[Result "1/2-1/2"]
[WhiteElo "2779"]
[BlackElo "2775"]
[Annotator "TA"]
[PlyCount "77"]
[EventDate "2019.06.26"]
[EventType "tourn"]
[EventCountry "CRO"]
[SourceTitle "playchess.com"]
[Source "ChessBase"]
[SourceQuality "1"]

{[%evp 13,77,17,18,8,7,10,11,8,10,16,10,8,16,0,11,3,9,6,18,28,17,25,24,9,8,9,8,0,26,0,8,4,3,7,17,8,16,14,15,0,0,0,0,0,12,12,25,0,0,0,0,0,0,-4,0,0,0,0,0,0,0,0,0,0,0,0]} 1. e4 c6 2. Nf3 d5 3. Nc3 dxe4 4. Nxe4 Nf6 5. Nxf6+ exf6 6. Bc4 Bd6 7. Qe2+ Qe7 8. d4 {B11: Caro-Kann: Two Knights Variation} Be6 (8... Na6 9. O-O Qxe2 10. Bxe2 Bf5 11. c3 Nc7 12. Nd2 Nd5 13. Nc4 Bc7 14. Ne3 Nxe3 15. Bxe3 O-O-O {½-½ (68) Adams,M (2712)-Tari,A (2618) Batumi 2018}) 9. O-O Bxc4 $146 ({Predecessor:} 9... O-O 10. Re1 Re8 11. Bd2 Bxc4 12. Qxc4 Qd7 13. Bb4 Na6 14. Bxd6 Qxd6 15. c3 {0-1 (35) Taragelova,M (1656)-Chilla,R (1843) Ruzomberok 2016}) 10. Qxc4 {[#] aiming for Re1.} O-O 11. Re1 Qd7 12. Bd2 Na6 13. a3 Rfe8 14. Qb3 h5 15. c4 Rad8 16. Rxe8+ Rxe8 17. Rd1 Qc8 18. Be3 Nc7 19. d5 cxd5 20. cxd5 a6 21. Rc1 Rd8 22. Bb6 Qd7 23. g3 Rc8 24. Nd2 Ne8 25. Rxc8 Qxc8 26. Qc4 Qd7 27. Ne4 Be5 28. Bd4 Nd6 29. Nxd6 Bxd6 30. Be3 Qf5 {The position is equal.} 31. b4 h4 32. Qxh4 Qxd5 33. Qd4 Qc6 34. h4 Be5 35. Qd8+ Kh7 36. Qd3+ Kg8 37. Qd8+ Kh7 38. Qd3+ Kg8 39. Qd8+ {Accuracy: White = 60%, Black = 60%.} 1/2-1/2

[Event "GCT Zagreb 2019"]
[Site "Zagreb"]
[Date "2019.07.06"]
[Round "10.5"]
[White "Giri, Anish"]
[Black "Nakamura, Hikaru"]
[Result "1/2-1/2"]
[WhiteElo "2779"]
[BlackElo "2754"]
[Annotator "RC"]
[PlyCount "77"]
[EventDate "2019.06.26"]
[EventType "tourn"]
[EventCountry "CRO"]
[SourceTitle "playchess.com"]
[Source "ChessBase"]
[SourceQuality "1"]
[TimeMode "Bronstein"]
[TimeControl "7200+30"]

1. e4 {[%emt 0:00:00]} e5 {[%emt 0:00:00]} 2. Nf3 {[%emt 0:00:00]} Nc6 {[%emt 0:00:00]} 3. Bb5 {[%emt 0:00:00]} Nf6 {[%emt 0:00:00]} 4. O-O {[%emt 0:00:00]} Nxe4 {[%emt 0:00:00]} 5. d4 {[%emt 0:00:00]} Nd6 {[%emt 0:00:00]} 6. Bxc6 {[%emt 0:00:00]} dxc6 {[%emt 0:00:00]} 7. dxe5 {[%emt 0:00:00]} Nf5 {[%emt 0:00:00]} 8. Qxd8+ {[%emt 0:00:00]} Kxd8 {[%emt 0:00:00]} 9. h3 {[%emt 0:00:00]} Ke8 {[%emt 0:00:00]} 10. Nc3 {[%emt 0:00:00]} h5 {[%emt 0:00:00]} 11. Bf4 {[%emt 0:00:00]} Be7 {[%emt 0:00:00]} 12. Rad1 {[%emt 0:00:00]} Be6 {[%emt 0:00:00]} 13. Ng5 {[%emt 0:00:00]} Rh6 {[%emt 0:00:00]} 14. Rfe1 {[%emt 0:00:00]} Bb4 {[%emt 0:00:00]} 15. a3 {[%emt 0:00:00]} Bxc3 {[%emt 0:00:00]} 16. bxc3 {[%emt 0:00:00]} h4 {[%emt 0:00:00]} 17. g4 {[%emt 0:00:00]} hxg3 {[%emt 0:00:00]} 18. fxg3 {[%emt 0:00:00]} Kf8 {[%emt 0:00:00]} 19. Kf2 {[%emt 0:17:20]} Ne7 {[%emt 0:00:00]} 20. g4 {[%emt 0:11:31]} Nd5 {[%emt 0:00:00]} 21. Bd2 {[%emt 0:01:03]} Nb6 {[%emt 0:00:00]} 22. Kg3 {[%emt 0:10:52]} Nc4 {[%emt 0:00:00]} 23. Bc1 {[%emt 0:04:11]} Bd5 {[%emt 0:00:00]} 24. Re2 {[%emt 0:12:45]} Re8 {[%emt 0:00:17]} 25. Rde1 {[%emt 0:00:30]} Kg8 {[%emt 0:09:10]} 26. Ne4 {[%emt 0:09:23]} Rhe6 {[%emt 0:00:30]} 27. Nc5 {[%emt 0:00:30]} Rxe5 {[%emt 0:00:30]} 28. Rxe5 {[%emt 0:00:30]} Rxe5 {[%emt 0:00:30]} 29. Rxe5 {[%emt 0:00:30]} Nxe5 {[%emt 0:00:30]} 30. Nxb7 {[%emt 0:00:30]} Nc4 {[%emt 0:01:24]} 31. Nc5 {[%emt 0:00:30]} Nd6 {[%emt 0:00:30]} 32. Bf4 {[%emt 0:03:17]} Ne4+ {[%emt 0:00:30]} 33. Nxe4 {[%emt 0:00:30]} Bxe4 {[%emt 0:00:30]} 34. Bxc7 {[%emt 0:00:30]} f6 {[%emt 0:00:30]} 35. Bd6 {[%emt 0:00:30]} Bxc2 {[%emt 0:00:30]} 36. Bc7 {[%emt 0:00:30]} Bd3 {[%emt 0:00:30]} 37. Bd6 {[%emt 0:00:30]} Bc2 {[%emt 0:00:30]} 38. Bc7 {[%emt 0:00:30]} Bd3 {[%emt 0:00:30]} 39. Bd6 {[%emt 0:00:30]} 1/2-1/2

[Event "GCT Zagreb 2019"]
[Site "Zagreb"]
[Date "2019.07.06"]
[Round "10.6"]
[White "Anand, Viswanathan"]
[Black "Karjakin, Sergey"]
[Result "1/2-1/2"]
[WhiteElo "2767"]
[BlackElo "2748"]
[Annotator "TA"]
[PlyCount "90"]
[EventDate "2019.06.26"]
[EventType "tourn"]
[EventCountry "CRO"]
[SourceTitle "playchess.com"]
[Source "ChessBase"]
[SourceQuality "1"]

{[%evp 16,90,22,17,25,8,20,17,19,12,7,12,11,12,13,11,12,14,16,16,14,19,19,14,14,10,20,5,10,12,11,0,11,0,19,13,20,18,18,18,19,18,20,19,22,10,17,19,26,12,12,4,9,4,9,8,16,0,0,0,0,0,0,0,0,0,0,0,0,0,0,0,0,0,0,0,0]} 1. e4 e5 2. Nf3 Nc6 3. Bb5 Nf6 4. O-O Nxe4 5. Re1 Nd6 6. Nxe5 Be7 7. Bf1 Nxe5 8. Rxe5 O-O 9. d4 Bf6 {C67: Ruy Lopez: Berlin Defence: 4 0-0 Nxe4} 10. Re2 (10. Re1 Re8 11. Rxe8+ Nxe8 12. d5 d6 13. Nd2 Bf5 14. Nf3 Be4 15. Bd3 Qe7 16. c4 c6 17. dxc6 Bxc6 18. Rb1 {½-½ (30) Anand,V (2774)-Karjakin,S (2752) Cupar 2019}) 10... Nc4 11. b3 Nb6 12. a4 Nd5 $146 ({Predecessor:} 12... a5 13. Nc3 d6 14. Ne4 Be7 15. Qe1 Nd5 16. Nc3 Nxc3 17. Rxe7 Nd5 18. Re2 Bg4 19. f3 Bf5 20. Qd2 Re8 21. Bb2 Rxe2 22. Qxe2 Qe8 23. Re1 {½-½ (23) Nepomniachtchi,I (2773)-Grischuk,A (2772) Moscow 2019}) 13. Re1 c6 14. c3 Re8 15. Rxe8+ Qxe8 16. Qf3 Nc7 17. Bf4 Nd5 18. Bd6 Qe6 19. Ba3 Qe1 20. Bb2 d6 21. Na3 Qe7 22. Nc4 Be6 23. Re1 Qd7 24. Nd2 Bf5 25. Ne4 Bxe4 26. Rxe4 Nc7 27. g3 d5 28. Re2 Re8 29. Bc1 Rxe2 30. Qxe2 g6 31. b4 Qe7 32. Qxe7 Bxe7 $11 {[%mdl 4096] Endgame KBB-KBN. The position is equal.} 33. Be3 Ne6 34. Kg2 Kf8 35. Kf3 Ng5+ 36. Bxg5 Bxg5 {KB-KB} 37. b5 Bd2 38. bxc6 bxc6 39. c4 dxc4 40. Bxc4 Bc3 41. d5 cxd5 42. Bxd5 Bd4 43. Bc4 Bc3 44. Bd5 Bd4 45. Bc4 Bc3 {Accuracy: White = 64%, Black = 56%.} 1/2-1/2

[Event "GCT Zagreb 2019"]
[Site "Zagreb"]
[Date "2019.07.07"]
[Round "11.1"]
[White "Carlsen, Magnus"]
[Black "Vachier-Lagrave, Maxime"]
[Result "1-0"]
[WhiteElo "2875"]
[BlackElo "2779"]
[Annotator "TA"]
[PlyCount "73"]
[EventDate "2019.06.26"]
[EventType "tourn"]
[EventCountry "CRO"]
[SourceTitle "playchess.com"]
[Source "ChessBase"]
[SourceQuality "1"]

{[%evp 18,73,21,12,12,8,14,5,6,7,28,20,39,44,40,45,36,51,97,75,79,79,76,76,85,77,124,75,82,67,85,85,82,70,74,80,85,85,76,86,246,257,260,249,255,239,248,250,248,255,361,399,557,555,619,619,785,785]} 1. d4 Nf6 2. c4 g6 3. Nc3 d5 4. Nf3 Bg7 5. cxd5 Nxd5 6. e4 Nxc3 7. bxc3 c5 8. Be3 Qa5 9. Qd2 Nc6 10. Rb1 cxd4 {D85: Exchange Grünfeld: Unusual White 7th moves and lines with 7 Nf3} (10... a6 11. Rc1 cxd4 12. cxd4 Qxd2+ 13. Kxd2 e6 14. d5 exd5 15. exd5 Ne5 16. Nxe5 Bxe5 17. g3 Bf5 18. Bd3 Bxd3 19. Kxd3 Kd7 20. f4 Bg7 21. f5 Rhe8 {½-½ (33) Sarana,A (2631)-Sjugirov,S (2654) Khanty-Mansiysk 2018}) 11. cxd4 O-O 12. Qxa5 Nxa5 {The position is equal.} 13. Bd3 Bg4 14. O-O Bxf3 15. gxf3 e6 $146 ({Predecessor:} 15... Rfd8 16. d5 e6 17. Bg5 f6 18. Bd2 b6 19. Bxa5 bxa5 {1-0 (45) Von Auer,U (1975)-Nettelbeck,J (1730) Eschborn 2013}) 16. Rfd1 $36 {[%mdl 2048] White has some pressure.} Rfd8 17. Bf1 b6 18. Ba6 Rd6 19. Rbc1 Rad8 {[%cal Rg7d4]} 20. Bg5 f6 21. Be3 h6 22. Bb5 f5 {[#]} 23. d5 $1 g5 24. Bd2 {Bb4 is the strong threat.} fxe4 25. fxe4 a6 $1 {[%cal Ra6b5]} 26. Ba4 {Threatens to win with Bb4.} exd5 27. Bb4 Re6 28. Rxd5 Rxd5 $2 (28... Rb8 $16 {is a better defense.}) 29. exd5 $18 Re4 30. Rc8+ Kf7 {[#]} 31. a3 $1 Be5 32. Be8+ Kg7 33. d6 Rd4 (33... Nb7 {keeps fighting.}) 34. d7 Nb7 35. Be7 {White is clearly winning.} Re4 36. Rc6 {aiming for Rg6+.} Bd4 37. Rc7 {Accuracy: White = 87%, Black = 56%.} 1-0